[Event "Kragero op"]
[Site "Kragero"]
[Date "2023.02.22"]
[Round "1"]
[White "Mierins, Emils Janis"]
[Black "Van Foreest, Lucas"]
[Result "1/2-1/2"]
[WhiteElo "2147"]
[BlackElo "2571"]
[PlyCount "89"]
[EventDate "2023.02.22"]
[EventType "swiss"]
[EventRounds "9"]
[EventCountry "NOR"]
[SourceTitle "CBM 212 Extra"]
[Source "ChessBase"]
[SourceDate "2023.03.31"]
[SourceVersion "1"]
[SourceVersionDate "2023.03.31"]
[SourceQuality "1"]

1. e4 c5 2. Nf3 d6 3. d4 cxd4 4. Qxd4 Nc6 5. Bb5 Bd7 6. Qd3 g6 7. c4 Bg7 8. Nc3 Nf6 9. 0-0 0-0 10. h3 Rc8 11. Be3 a6 12. Bxc6 Bxc6 13. Rac1 Nd7 14. Nd4 Ne5 15. Qe2 Bd7 16. b3 Re8 17. Rfd1 Qa5 18. Qd2 Nc6 19. Nf3 b5 20. Nd5 Qxd2 21. Rxd2 bxc4 22. Rxc4 Nb8 23. Rxc8 Bxc8 24. Rc2 Bd7 25. Bd4 Bc6 26. Bxg7 Kxg7 27. Nd4 Bxd5 28. exd5 Kf6 29. f4 g5 30. g3 gxf4 31. gxf4 Nd7 32. Rc6 Nc5 33. Kg2 Rb8 34. Rc7 Rb4 35. Nc6 Rxf4 36. Rxe7 Rf5 37. Ra7 Rxd5 38. b4 Ne4 39. Rxa6 Rd3 40. b5 Nc5 41. Ra7 Rd2+ 42. Kf3 Rd3+ 43. Kg2 Rd2+ 44. Kf3 Rd3+ 45. Kg2 1/2-1/2